| 000 | 00612nam a2200181Ia 4500 | ||
|---|---|---|---|
| 008 | 090123s9999 xx 000 0 und d | ||
| 082 | _b33355 | ||
| 100 | _aपोरे सुरेश | ||
| 245 | _aसाहेब म्हणु नये आपला | ||
| 250 | _a1 | ||
| 260 |
_bप्रियांजली प्रकाशन _c2001 |
||
| 300 | _a143 | ||
| 600 | _aपोरे सुरेश | ||
| 630 | _aसाहेब म्हणु नये आपला | ||
| 700 | _aपोरे सुरेश | ||
| 730 | _aसाहेब म्हणु नये आपला | ||
| 942 | _cBOOK | ||
| 999 |
_c71414 _d71414 |
||